000 01365cam a2200385 i 4500
001 768714001
003 CO-MdFUSB
005 20220622062538.0
007 ta
008 040803t20041962miu b 001 0 eng
020 _a0802828167
040 _aDLC
_cCO-MdFUSB
_dDLC
_bspa
_erda
041 1 _aeng
082 0 0 _a223.206
_222
_bM936
100 1 _aMowinckel, Sigmund,
_d1884-1965.
_eautor
240 1 0 _aOffersang og sangoffer.
245 1 4 _aThe Psalms in Israel's worship /
_cSigmund Mowinckel ; traducido por D.R. Ap-Thomas ; prólogo por James L. Crenshaw.
264 1 _aGrand Rapids, Mich. :
_bWm. B. Eerdmans Publishing Company,
_c[2004]
264 4 _c© 2004
300 _avolumenes
_c24 cm.
336 _2rdacontent
_atexto
_btxt
337 _2rdamedia
_asin mediación
_bn
338 _2rdacarrier
_avolumen
_bnc
500 _aPublicado originalmente: Nueva York: Abingdon Press, c1962.
504 _aIncluye referencias bibliográficas e índices.
505 0 _av. 1. Los Salmos y el culto -- v. 2. Salmos personales (privados) de lamentación.
563 _aRústico
630 7 _aBiblia.
_pSalmos
_xCrítica, interpretación, etc.
650 7 _9206
_aLiturgia
700 _96626
_aAp-Thomas, D. R.
_etraductor
700 1 _aCrenshaw, James L.
_eprologuista
_96432
942 _cBK
945 _aJTF-925
999 _c67625
_d67625